000 00782nam a2200253Ia 4500
003 OSt
005 20220918165904.0
006 a|||||r|||| 00| 0
007 ta
008 220917b |||||||| |||| 00| 0 eng d
020 _a8178240661 (hbk)
_c595
024 _a262,722
037 _b022/2012-13, 12/07/2012, Pioneer Book Distributors
_cTextual
040 _aARTS
_cARTS
_beng
041 _2eng
_aeng
082 _aV2.N75, P3
100 _aTarlo Emma
_925949
245 0 _aUnsettling memories
_b Narratives of india's emergncy
260 _aDelhi
_bPermanent Black India
_c2003
300 _ax, 235p.
_ccm.
650 _aHISTORY
942 _hV2.N75, P3
_cTEXL
_2CC
999 _c131557
_d131557